000 00539nam a2200169 a 4500
005 20240830063852.0
008 991125s1974 mx 000 0 spa u
035 _aUPN01000015033
049 _aF
050 4 _aNC590
_bD5.2
245 0 0 _aDibujo.
260 _a[México] :
_bUAM-Azcapotzalco, Departamento de Procesos y Técnicas de Realización,
_c1974.
300 _a20 p. :
_bil.
520 _a"Guía temática para el primer trimestre del tronco general de asignaturas"
650 4 _aDibujo
_xEstudio y enseñanza
_913
905 _aLibro
999 _c15033
_d15033